Štandardizácia pracovného výkonu

Teoretické vymedzenie základných pojmov normatív, norma a štandard. Členenie noriem. Druhy štandardov. Návrh štandardov. Štandardy pracovného výkonu.

Salvato in:
Dettagli Bibliografici
Autore principale: Vetráková, Milota
Natura: Capitolo di libro
Lingua:slovacco
Soggetti:
Tags: Aggiungi Tag
Nessun Tag, puoi essere il primo ad aggiungerne!!

MARC

LEADER 00000naa a2200000 4500
001 r037897
005 20231003081026.5
041 0 |a slo 
044 |a SK 
245 1 0 |a Štandardizácia pracovného výkonu  |c Milota Vetráková 
520 |a Teoretické vymedzenie základných pojmov normatív, norma a štandard. Členenie noriem. Druhy štandardov. Návrh štandardov. Štandardy pracovného výkonu. 
610 2 0 |a výkony pracovné 
610 2 0 |a normovanie práce 
610 2 0 |a štandardizácia 
610 2 0 |a štandardy 
610 2 0 |a manažment 
610 2 0 |a kvalita práce 
610 2 0 |a normy 
610 2 0 |a normatívy 
100 1 |a Vetráková, Milota